000 00371nam a22001577a 4500
003 MPLRDC
005 20220104123953.0
008 210129b ||||| |||| 00| 0 eng d
082 _a030.37 FMZ
100 _a冯明之
245 _a基本国学教程
_c
260 _a
_b香港上海书局
_c1960
300 _b
650 _a汉学总论
942 _cBK
_o030.37 FMZ
999 _c15630
_d15620